NASA graphics standards manual.

Bibliographic Details
Corporate Author: United States. National Aeronautics and Space Administration (Author)
Format: Government Document eBook
Language:English
Published: [Washington, D.C.] : National Aeronautics and Space Administration, 1976.
Subjects:
Online Access:https://purl.fdlp.gov/GPO/gpo83456

MARC

Tag First Indicator Second Indicator Subfields
LEADER 00000cam a2200000 i 4500
001 in00003890021
005 20180214132015.0
006 m o d f
007 cr mn|||||||||
008 150914s1976 dcual of f000 0 eng c
035 |a (OCoLC)ocn921159395 
040 |a STF  |b eng  |e rda  |e pn  |c STF  |d GPO  |d MvI  |d UtOrBLW 
042 |a pcc 
043 |a n-us--- 
049 |a WWW 
050 4 |a TL521.312 
074 |a 0830-F (online) 
086 0 |a NAS 1.18:G 76/5 
088 |a NHB 1430.2 
110 1 |a United States.  |b National Aeronautics and Space Administration,  |e author.  |0 http://id.loc.gov/authorities/names/n78087581 
245 1 0 |a NASA graphics standards manual. 
246 3 |a National Aeronautics and Space Administration graphics standards manual 
246 3 0 |a Graphics standards manual 
264 1 |a [Washington, D.C.] :  |b National Aeronautics and Space Administration,  |c 1976. 
300 |a 1 online resource ([60 pages] in various pagings) :  |b illustrations (some color), samples 
336 |a text  |b txt  |2 rdacontent 
337 |a computer  |b c  |2 rdamedia 
338 |a online resource  |b cr  |2 rdacarrier 
500 |a "NHB 1430.2." 
500 |a "January, 1976." 
588 |a Description based on online resource; title from PDF cover (NASA, viewed Aug. 4, 2017). 
610 1 0 |a United States.  |b National Aeronautics and Space Administration.  |0 http://id.loc.gov/authorities/names/n78087581 
650 0 |a Graphic arts  |x Standards  |v Handbooks, manuals, etc. 
650 0 |a Logotypes (Printing)  |x Standards  |v Handbooks, manuals, etc. 
776 0 8 |i Print version:  |a United States.  |b National Aeronautics and Space Administration  |t NASA graphics standards manual.  |d [Washington, D.C.] : NASA, 1976.  |h 1 volume (various pagings), 8 folded leaves : illustrations, samples ; 28 cm  |w (OCoLC)43030114 
856 4 0 |u https://purl.fdlp.gov/GPO/gpo83456  |t 0 
999 f f |s d2745a5c-e31f-3931-a5b3-0bdad425ffcc  |i a3ddb4ec-fdf1-3295-a480-5b5e7b474a64  |t 0 
952 f f |a Texas A&M University  |b College Station  |c Electronic Resources  |d Available Online  |t 0  |e NAS 1.18:G 76/5  |h Superintendent of Documents classification 
998 f f |a NAS 1.18:G 76/5  |t 0  |l Available Online